IATA World Airport Codes * 2015 MegAQuiZ * - Statistics

General Stats
  • This quiz has been taken 282 times
    272 since last reset
  • The average score is 93 of 268
Answer Stats
Airport Code % Correct
Paris - Charles de Gaulle CDG
91%
Vienna VIE
90%
Athens ATH
88%
London - Heathrow LHR
86%
Manchester MAN
86%
Frankfurt FRA
84%
San Francisco SFO
83%
Madrid MAD
82%
Istanbul IST
81%
Los Angeles LAX
81%
Miami MIA
81%
Dubai DXB
80%
Brussels BRU
79%
Sydney SYD
79%
Perth PER
77%
Budapest BUD
76%
Doha DOH
76%
Tokyo - Narita NRT
76%
Dusseldorf DUS
75%
Helsinki HEL
75%
Kuala Lumpur KUL
75%
Lima LIM
75%
Melbourne MEL
75%
Tunis TUN
75%
Bogota BOG
73%
Salt Lake City SLC
72%
Anchorage ANC
71%
Prague PRG
71%
Edinburgh EDI
70%
London - Gatwick LGW
70%
Hongkong HKG
69%
Manila MNL
69%
Beijing Capital PEK
69%
Zurich ZRH
69%
Hamburg HAM
67%
Berlin - Tegel TXL
67%
Copenhagen CPH
66%
Hanoi HAN
66%
Tokyo - Haneda HND
66%
Paris Orly ORY
65%
Sofia SOF
65%
Auckland AKL
64%
Buenos Aires - Ezeiza Minstro Pistarini EZE
64%
Kabul KBL
64%
Algiers ALG
63%
Barcelona BCN
63%
Capetown CPT
63%
Munich MUC
62%
Nice NCE
62%
Glasgow GLA
61%
Guatemala City GUA
61%
Baku BAK
59%
Nairobi NBO
58%
San Jose SJO
58%
Stockholm - Arlanda ARN
55%
Johannesburg JNB
55%
Shanghai SHA
55%
Jeddah JED
54%
Innsbruck INN
53%
Kathmandu KTM
53%
Marseille MRS
53%
Tel Aviv TLV
53%
Bangkok BKK
52%
Nicosia NIC
52%
Rio de Janeiro - Galeao Intl. GIG
51%
Sao Paulo - Guarulhos Intl. GRU
51%
Houston - George Bush International IAH
51%
Newyork - John F Kennedy JFK
51%
Milan - Linate LIN
50%
Caracas CCS
48%
Mexico City MEX
48%
Abudhabi AUH
47%
Belfast BFS
47%
Boston BOS
47%
Brasilia BSB
47%
Damascus DAM
47%
Ljubljana LJU
47%
Suva SUV
47%
Chinese Taipei TPE
47%
Dallas - Fort Worth DFW
46%
Lisbon LIS
46%
Santiago de Chile SCL
46%
Moscow - Sheremetyevo SVO
46%
Oslo OSL
45%
Mumbai BOM
44%
Delhi DEL
44%
Papeete PPT
44%
Canberra CBR
43%
Asuncion ASU
42%
Berne BRN
42%
Houston - Hobby Airport HOU
42%
Harare HRE
42%
Port of Spain POS
42%
Panama City PTY
42%
Dublin DUB
41%
Chicago - O'Hare ORD
41%
Warsaw WAW
40%
Toronto - Pearson International YYZ
40%
Amsterdam AMS
39%
Kuwait KWI
39%
Venice VCE
39%
Wellington WLG
39%
Atlanta ATL
38%
Christchurch CHC
38%
Dar es Salaam DAR
38%
Cayenne CAY
37%
Funafuti FUN
37%
New Orleans MSY
37%
Nassau NAS
37%
Bucharest - Otopeni OTP
37%
Riyadh RUH
37%
Yaounde YAO
37%
Vancouver YVR
37%
Abidjan ABJ
36%
Cairo CAI
36%
Rome - Fiumcino FCO
36%
Havana HAV
36%
Washington - Dulles International IAD
36%
Montevideo MVD
36%
Singapore SIN
36%
Beirut BEY
35%
Kansai KIX
35%
St. Petersburg LED
35%
Dodoma DOD
34%
Entebbe EBB
34%
Larnaca LCA
34%
Porto OPO
34%
Libreville LBV
33%
Milan - Malpensa MXP
33%
San Salvador SAL
32%
Belgrade BEG
31%
Banjul BJL
31%
Basle BSL
31%
Faro FAO
31%
Nadi NAN
31%
Naples NAP
31%
Quito UIO
31%
Kiev IEV
30%
Kingston KIN
30%
Port Moresby POM
30%
Berlin - Schoenenfeld SXF
30%
Addis Ababa ADD
29%
Malaga AGP
29%
Dhaka DAC
29%
Newyork - La Guardia LGA
29%
Mombasa MBA
29%
Phnom Penh PNH
29%
Yangoon RGN
29%
Seoul SEL
29%
Georgetown GEO
28%
Majuro MAJ
28%
Ho Chi minh City SGN
28%
Newyork - Newark EWR
26%
Tripoli TIP
26%
Amman AMM
25%
Antwerp ANR
25%
Brazzaville BZV
25%
Casablanca CAS
25%
Conakry CKY
25%
Lyon LYS
25%
Minsk MSQ
25%
Port au Prince PAP
25%
Tashkent TAS
25%
Denpasar-Bali DPS
24%
Detroit - Wayne County DTW
24%
Geneva GVA
24%
Managua MGA
24%
San Juan SJU
24%
Khartoum KRT
23%
Lagos LOS
23%
Chennai MAA
23%
Chisinau KIV
22%
Sharjah SHJ
22%
Tarawa TRW
22%
Lusaka LUN
21%
Tegucigalpa TGU
21%
Ulaanbaatar ULN
21%
Colombo CMB
20%
Luanda LAD
20%
Marrakech RAK
20%
Ottawa YOW
20%
Calgary YYC
20%
Birmingham BHX
19%
Dakar DKR
19%
La Paz LPB
19%
Port Louis MRU
19%
Tehran THR
19%
Jerusalem JRS
18%
Bamako BKO
17%
Bratislava BTS
17%
Karachi KHI
17%
Vientiane VTE
17%
Gaborone GBE
16%
Rotterdam RTM
16%
Dili DIL
15%
Yerevan EVN
15%
Valletta MLA
15%
Montreal - Pierre Elliot Trundeau YUL
15%
Mali BKO
14%
Kolkata CCU
14%
Douala DLA
14%
Lilongwe LLW
14%
Nagoya NGO
14%
Reykjavik - Keflavik Intl. REK
14%
Thessaloniki SKG
14%
Antananarivo TNR
14%
Almaty ALA
13%
Manama BAH
13%
Bandar Seri Begawan BWN
13%
Jakarta - Soekarno Hatta Intl. CGK
13%
Cotonou COO
13%
Muscat MUS
13%
Islamabad ISB
12%
Djibouti JIB
12%
Windhoek WDH
12%
Halifax YHZ
12%
Acapulco ACA
11%
Alexandria ALY
11%
Ankara - Esenboga ESB
11%
Khabarovsk KHV
11%
Sanaa SAH
11%
Asmara ASM
10%
Guayaquil GYE
10%
Paramaribo PBM
10%
Koror ROR
10%
Baghdad BGW
9%
Ashgabad ASB
8%
Rabat - Mohd' V Intl. CMN
8%
Kinshasha FIH
8%
Bishkek FRU
8%
Maseru MSU
8%
Pristina PRN
8%
Santo Domingo SDQ
8%
Port Vila VLI
8%
Washington - Ronald Reagan National DCA
7%
Abuja ABV
6%
Apia APW
6%
Kigali KGL
6%
Maputo MPM
6%
Nouakchott NKC
6%
Paro PBH
6%
Astana TSE
6%
Roseau DOM
5%
Lome LFW
5%
Macao MFM
5%
Bridgetown BGI
4%
Pyongyang FNJ
4%
Nuuk GOH
4%
Mogadishu MGQ
4%
Niamey NIM
4%
Pretoria PRY
4%
Victoria SEZ
4%
St. Johns ANU
3%
Dushanbe DYU
3%
Freetown FNA
3%
Castries SLU
3%
Malabo SSG
3%
Hamilton BDA
2%
Honiara HIR
2%
Monrovia MLW
2%
Nuku'Alofa TBU
2%
Podgorica TGD
2%
Yamoussoukro ASK
1%
Belmopan BCV
1%
Basseterre SKB
1%
Kingstown SVD
1%
Sao Tome TMS
1%
Manzini MTS
0%
No matching quizzes found
Score Distribution
Percent of People with Each Score
Percentile by Number Answered
Your Score History
You have not taken this quiz since the last reset